000 00795nam0a22002291 4500
001 rc\476947
005 20260406113856.0
035 _a(NLR Aleph) 005720157
090 _a7470430
_c7470430
100 _a20030616d1987 |||y0rusy50 ca
101 0 _arus
102 _aRU
105 _aa |||||||||
200 1 _aУпрямый козел
_e[Для мл. шк. возраста]
_fД.Н. Мамин-Сибиряк
_g[Худож. Дувидов В.]
210 _aХабаровск
_cКн. изд-во
_d1987
215 _a30, [2] с.
_cил.
_d20
700 1 _4070
_8rus
_7ca
_aМамин-Сибиряк
_bД. Н.
_f1852-1912
_gДмитрий Наркисович
_3RU\NLR\AUTH\77149
_9110226
801 0 _aRU
_bNLR
_gpsbo
801 1 _aRU
_bELAR
_2rusmarc
852 _aNLR
_j87-4/928
942 _cBOOK
980 _aNB